Thomas the Tank Engine Characters - Statistics

General Stats
  • This quiz has been taken 1,715 times
  • The average score is 11 of 14
Answer Stats
Hint Name Colour % Correct
1 Thomas Blue
100%
6 Percy Green
95%
5 James Red
94%
4 Gordon Blue
93%
3 Henry Green
91%
2 Edward Blue
88%
7 Toby Brown
87%
Helicopter Harold White
81%
Small bus Bertie Red
73%
9 Donald Black
71%
10 Douglas Black
70%
8 Duck Green
70%
Diesel railcar Daisy Green
55%
Steam roller George Green
54%
No matching quizzes found
Score Distribution
Percent of People with Each Score
Percentile by Number Answered
Your Score History
You have not taken this quiz